Normal view
MARC view
- الطائي، عادل محمد، م.مشارك منذر خضر المهتدي
Entry Personal Name
001 - CONTROL NUMBER
- control field: 63955
003 - CONTROL NUMBER IDENTIFIER
- control field: JO-AjAnu
005 - DATE AND TIME OF LATEST TRANSACTION
- control field: 20230606084433.0
008 - FIXED-LENGTH DATA ELEMENTS
- fixed length control field: 230606|| aca||aabn | a|a d
040 ## - CATALOGING SOURCE
- Original cataloging agency: JO-AjAnu
- Transcribing agency: JO-AjAnu
100 ## - HEADING--PERSONAL NAME
- Personal name: الطائي، عادل محمد، م.مشارك منذر خضر المهتدي
670 ## - SOURCE DATA FOUND
- Source citation: Work cat.: (JO-AjAnu)32604: الطائي، عادل محمد، م.مشارك منذر خضر المهتدي, author, تنظيم المعلومات=Organizing Information